000 00821nam a2200265Ia 4500
003 OSt
005 20220928113713.0
006 a|||||r|||| 00| 0
007 ta
008 220927b |||||||| |||| 00| 0 eng d
020 _a9781786993502
_cUKP 19.99
024 _a146143
037 _b14490, 24/12/2021, Elite Publishers Distributors
_cTextual
040 _aSDCL
_cSDCL
_beng
041 _2eng
_aeng
082 _aV465'P, Q8
100 _aAbdo Nahla Ed.
_9434561
245 0 _aOral history of the Palestinian Nakba
260 _aLondon
_bZed
_c2018
300 _avii,315p.
_ccm.
650 _aHistory
700 _a Masalha Nur Ed.
_9434562
942 _hV465'P, Q8
_cTEXL
_2CC
999 _c750881
_d750881